| 000 | 00851nam a2200241 a 4500 | ||
|---|---|---|---|
| 001 | 40458 | ||
| 003 | BD-RjUL | ||
| 005 | 20211209053222.0 | ||
| 008 | 160502s1775 bg ||||| b||| 00| 0 ben d | ||
| 020 | _c: Tk. 35.00 | ||
| 035 | _a(BD-RjUL)40573 | ||
| 040 |
_aBD-RjUL _bben _cBD-RjUL |
||
| 041 | _aben | ||
| 082 |
_223 _a150 _bFAA 1975 |
||
| 100 |
_aফখরুজ্জামান, মীর _9123536 |
||
| 245 | 1 | 0 |
_aঅস্বভাবী মনোবিজ্ঞান / _cমীর ফখরুজ্জামান |
| 260 |
_aঢাকা : _bবই বিতান, _c১৯৭৫ |
||
| 300 |
_a[৬], vii, ২৭৭, iii পৃ. ; _c২০ সেমি. |
||
| 504 | _aগ্রন্থপঞ্জি সংযুক্ত | ||
| 650 |
_aমনোবিজ্ঞান _9124620 |
||
| 650 |
_aPsychology. _9124621 |
||
| 942 |
_2ddc _cBK _01 |
||
| 999 |
_c40458 _d40458 |
||